| 000 | 01110nam a2200253 i 4500 | ||
|---|---|---|---|
| 001 | 47133 | ||
| 003 | ES-MaACL | ||
| 005 | 20240529154517.0 | ||
| 007 | t| | ||
| 008 | 030403s1978 sp ||||1| spa d | ||
| 020 | _a84-335-3209-X | ||
| 111 | 2 |
_aJornadas Internacionales de Ciencia Política y Derecho Constitucional ( _n3ª. _d1978. _cZaragoza) _9172030 |
|
| 245 | 1 | 3 |
_aEl control parlamentario del Gobierno en las democracias pluralistas / _cTerceras Jornadas Internacionales de Ciencia Política y Derecho Constitucional, organizadas por la Cátedra de Derecho Político de la Universidad de Zaragoza ... [et al.] ; edición de Manuel Ramírez. |
| 260 |
_a[Madrid] : _bLabor, _c[1978] |
||
| 300 |
_a497 p. ; _c22 cm. |
||
| 504 | _aReferencias bibliográficas. | ||
| 650 | 4 |
_aControl parlamentario- _vCongresos y asambleas. _9172031 |
|
| 650 | 4 |
_aDerecho constitucional- _vCongresos y asambleas. _9172032 |
|
| 700 | 1 |
_aRamírez, Manuel, _d1940-2015 _9172029 |
|
| 710 | 2 |
_aUniversidad de Zaragoza _97352 |
|
| 852 | 4 |
_aES-MaACL _jA-8400 |
|
| 852 | 4 |
_aES-MaACL _jL-1981 |
|
| 999 |
_c47133 _d47133 |
||